Cuba 2013, realidades y perspectivas : (Registro nro. 41134)
[ vista simple ]
| 000 -LEADER | |
|---|---|
| fixed length control field | 00685cam a2200205 i 4500 |
| 001 - CONTROL NUMBER | |
| control field | 41134 |
| 003 - CONTROL NUMBER IDENTIFIER | |
| control field | Mx-PuUPA |
| 005 - DATE AND TIME OF LATEST TRANSACTION | |
| control field | 20251024120607.0 |
| 008 - FIXED-LENGTH DATA ELEMENTS--GENERAL INFORMATION | |
| fixed length control field | 140415s mx gr 000 0 spa d |
| 040 ## - CATALOGING SOURCE | |
| Transcribing agency | Mx-PuUPA |
| 041 0# - LANGUAGE CODE | |
| Language code of text/sound track or separate title | spa |
| 082 04 - DEWEY DECIMAL CLASSIFICATION NUMBER | |
| Classification number | xx |
| Item number | xx |
| Edition number | 23 |
| 245 1# - TITLE STATEMENT | |
| Title | Cuba 2013, realidades y perspectivas : |
| Remainder of title | diálogo entre cubanos / |
| Statement of responsibility, etc. | Marcelino Miyares y Gisselle Recarey, editores |
| 264 #1 - PRODUCTION, PUBLICATION, DISTRIBUTION, MANUFACTURE, AND COPYRIGHT NOTICE | |
| Place of production, publication, distribution, manufacture | México, D.F. : |
| Name of producer, publisher, distributor, manufacturer | Fundación Konrad Adenauer, |
| 300 ## - PHYSICAL DESCRIPTION | |
| Extent | 248 páginas ; |
| Dimensions | 22 cm |
| 700 1# - ADDED ENTRY--PERSONAL NAME | |
| Personal name | Miyares, Marcelino, |
| Relator term | editor |
| 700 1# - ADDED ENTRY--PERSONAL NAME | |
| Personal name | Recarey, Giselle, |
| Relator term | editor |
| 942 ## - ADDED ENTRY ELEMENTS (KOHA) | |
| Source of classification or shelving scheme | Dewey Decimal Classification |
| Koha item type | Libro |
| Classification part | xx |
| Item part | xx |
| Withdrawn status | Lost status | Source of classification or shelving scheme | Damaged status | Not for loan | Collection code | Home library | Current library | Shelving location | Date acquired | Source of acquisition | Total Checkouts | Full call number | Barcode | Price effective from | Koha item type |
|---|---|---|---|---|---|---|---|---|---|---|---|---|---|---|---|
| Dewey Decimal Classification | En catalogación | General | Biblioteca Karol Wojtyla | Biblioteca Karol Wojtyla | Procesos técnicos | 03/12/2013 | Donación | xx | 62297 | 03/12/2013 | Libro | ||||
| Dewey Decimal Classification | En catalogación | General | Biblioteca Karol Wojtyla | Biblioteca Karol Wojtyla | Procesos técnicos | 03/12/2013 | Donación | xx | 62067 | 03/12/2013 | Libro |